00971nam a2200217 i 450000100060000000300090000600500170001500700030003200800410003510000460007624500960012226000820021830000400030050000880034050000180042871000770044671000710052385200210059499900170061595201210063281140ES-MaACL20230906174357.0t|041103s1950 sp ||||1| spa d1 aHoyos Sáinz, Luis de,d1868-195196443710aInvestigaciones de Antropología Prehistórica de España / cpor Luis de Hoyos Sáinz. aMadrid : bConsejo Superior de Investigaciones Científicas, c1950 (fJura) a271 p., 9 lám. : bil. ; c25 cm. aPrecede al tít.: Instituto Bernardino de Sahagún. Antropología y Etnología. aEs el v. 1º.2 aInstituto Bernardino de Sahagún de Antropología y Etnología.948002 aConsejo Superior de Investigaciones Científicas (España)93236 aES-MaACLjE-3287 c81140d81140 00104070aATENEOMbATENEOMcDEPO2d2008-01-17eSCl0oE-3287p1084820r2023-02-23 00:00:00w2023-02-23yMONOGRAFIA